000 00568nam a2200181Ia 4500
008 131103s9999 xx 000 0 und d
040 _aLoreto College
041 _aEnglish
082 _aF/FEO
_bLCLIB/
100 _aFeuchtwanger,Lion
245 _aTis Folly to be wise or
_b Death and Transfiguration of Jean - Jacques Rousseau
_ca novel by Lion Feuchtwager,translated by Frances Fawcett
260 _aLondon
_bHutchinson
_c1954
300 _a392 p.
_c 20 cm.
650 _aFiction in English
700 _aFawcett,Frances,tr.
850 _aLCLIB
942 _cBK
999 _c16120
_d66599